Manažment v malých a stredných podnikoch SR - vybrané problémy

Pohľad na počet podnikateľov a dynamiku ich vývoja na Slovensku. Postavenie podnikateľov a manažérov v malých a stredných podnikoch na Slovensku. Najvýznamnejšie faktory ovplyvňujúce podnikateľské prostredie v poslednom období na Slovensku. Niektoré problémy týkajúce sa podnikania a verejnej mienky...

Description complète

Enregistré dans:
Détails bibliographiques
Auteur principal: Šúbertová, Elena
Format: Chapitre de livre
Langue:slovaque
Sujets:
Tags: Ajouter un tag
Pas de tags, Soyez le premier à ajouter un tag!

MARC

LEADER 00000naa$a2200000$$$4500
001 0054684
005 20240502071628.8
041 0 |a slo 
044 |a SK 
245 1 0 |a Manažment v malých a stredných podnikoch SR - vybrané problémy  |c Elena Šúbertová 
520 |a Pohľad na počet podnikateľov a dynamiku ich vývoja na Slovensku. Postavenie podnikateľov a manažérov v malých a stredných podnikoch na Slovensku. Najvýznamnejšie faktory ovplyvňujúce podnikateľské prostredie v poslednom období na Slovensku. Niektoré problémy týkajúce sa podnikania a verejnej mienky na podnikanie. Možné východiská z problémov. 
610 2 0 |a podnikanie 
610 2 0 |a podnik malý 
610 2 0 |a podnik stredný 
610 2 0 |a manažment 
610 2 0 |a vedenie 
610 2 0 |a vlastníctvo 
610 2 0 |a informatizácia 
610 2 0 |a legislatíva 
610 2 0 |a vzdelávanie 
100 1 |a Šúbertová, Elena